00854nam a2200229 a 450000100100000000500170001000800410002704000250006808200200009310000370011324500430015026000480019330000270024150000560026850000430032459000260036765000280039365000310042191000370045295201180048999900170060700001051120240412074219.0091007s1992 dr a 000 p spa d aDO-SdBNPbspacBNPHU aRD861.44bM385c1 aMartínez, Frank,d1965-92061710aCenizas del ocaso /cFrank Martínez. aSanto Domingo :bAbrahan de Jesús,c1992. a77 p. :bil. ;c20 cm. aIncluye datos biográficos del autor en la solapa. aIncluye notas al pie de las páginas. aInventariado, 2018/LP 0aPoesía dominicana966 0aLiteratura dominicana.967 aValidado. Control de calidad MFF 0010718PDaPDbPDcHDd2009-10-07iLF1l0oRD861.44 M385cp10511-10r2020-06-25w2020-06-25yLFPDZNo se presta c10270d10270